00679nam a2200217 i 450000500170000000800410001702000180005804000090007605000240008508200220010910000270013124500500015826400460020830000500025433600210030433700250032533800230035050400510037365000210042465000160044520231215134026.0230123s2020 nyua b 001 0 eng d a9781632409850 cCSPC04aHF5686.C8bP75 202004a657.42bH120p2231 aHagar, Keith,eauthor.10aPrinciples of cost accounting /cKeith Hagar. 1aNew York :bClanrye International,c2020. ax, 187 pages :bcolor illustrations ;c26 cm. 2rdacontentatext 2rdamediaaunmediated 2rdacarrieravolume aIncludes bibliographical references and index. 0aCost accounting. 0aAccounting.